000 00591nam a22001932 4500
001 0000012212
005 20151217155851.0
008 090216s xx 000 0 eng d
040 _aKABU
_cKABU
100 1 _aEvans, R. Tenniel.
_@0000168466
245 1 4 _aThe Butterfly collector's handbook for East Africa /
_cR. Tenniel Evans; illustrated by R. E. Bush.
250 _a1st ed.
260 _aNairobi :
_bW. Boyd,
_c1946.
300 _a32 p.
650 0 _aButterflies.
_@0000168467
852 1 _9p100 KES
908 _a090216
950 _@1
999 _c13489
_d13489